00976nam a2200205 a 4500001000400000003001000004005001700014008004100031020001800072040002500090080001900115100002100134245005500155250003300210260003500243300002800278500039000306504002500696650004900721508BR-CuiBMT20231127031325.0231108s2018 baba 000 0 por d a9788544220238 aBR-CuiBMTcBR-CuiBMT 22007a34:336.21 aMinardi, Josiane10aManual de direito tributário /cJosiane Minardi. a5. ed., rev., atual. e ampl. aSalvador : bJusPODIVM,c2018. a1199 p. :bil. ;c24 cm aInclui: Questões de concursos comentadas. Quadros sinóticos. Destaques em 2ª cor para as partes mais importantes. Súmulas comentadas por assunto. Conforme LC 160/2017 - deliberações sobre a remissão dos créditos tributários decorrentes das isenções. Resolução 137/2017 do CGSN - Altera a resolução do Simples nacional. CPV/2015." - informações na capa. aInclui bibliografia. aDireito tributáriovLegislaçãozBrasil